Harry Potter - Les Professeurs - Statistiques

Statistiques générales
  • Ce quiz a été pris 70 fois
  • Le résultat moyen est 39 sur 45
Statistiques - réponses
Question Tuile Select % Correct
Les professeurs de Défence Contre les Forces du Mal. Pomona Chourave Non
100%
Les professeurs de Défence Contre les Forces du Mal. Aurora Sinistra Non
98%
Les professeurs de Défence Contre les Forces du Mal. Filius Flitwick Non
98%
Les professeurs de Défence Contre les Forces du Mal. Renée Bibine Non
98%
Les professeurs de Défence Contre les Forces du Mal. Rubeus Hagrid Non
98%
Les professeurs de Défence Contre les Forces du Mal. Minerva McGonagall Non
97%
Le seul professeur ayant exercé dans deux matières. Pomona Chourave Non
95%
Les professeurs de Défence Contre les Forces du Mal. Quirinus Quirell Oui
95%
Le seul professeur ayant exercé dans deux matières. Renée Bibine Non
95%
Le seul professeur ayant exercé dans deux matières. Sybille Trelawney Non
95%
Le seul professeur ayant exercé dans deux matières. Gilderoy Lockhart Non
93%
Le seul professeur ayant exercé dans deux matières. Horace Slughorn Non
93%
Le seul professeur ayant exercé dans deux matières. Whilelmina Gobe-Planche Non
93%
Le seul professeur ayant exercé dans deux matières. Albus Dumbledore Non
92%
Les professeurs masculins. Aurora Sinistra Non
92%
Les professeurs masculins. Charity Burbage Non
92%
Les professeurs masculins. Dolores Ombrage Non
92%
Le seul professeur ayant exercé dans deux matières. Remus Lupin Non
92%
Les 2 professeurs de Métamorphose. Rubeus Hagrid Non
92%
Le seul professeur ayant exercé dans deux matières. Severus Rogue Oui
92%
Les Directeurs de Poudlard. Silvanus Brûlopot Non
92%
Les Directeurs de Poudlard. Sybille Trelauney Non
92%
Les Directeurs de Poudlard. Albus Dumbledore Oui
90%
Les professeurs masculins. Gilderoy Lockhart Oui
90%
Les Directeurs de Poudlard. Pomona Chourave Non
90%
Les 2 professeurs de Métamorphose. Quirinus Quirell Non
90%
Les professeurs de Défence Contre les Forces du Mal. Alastor Maugrey Oui
88%
Les professeurs masculins. Remus Lupin Oui
88%
Les professeurs masculins. Horace Slughorn Oui
86%
Les 2 professeurs de Métamorphose. Minerva McGonagall Oui
86%
Les 2 professeurs de Métamorphose. Remus Lupin Non
86%
Les Directeurs de Poudlard. Septima Vector Non
86%
Les 2 professeurs de Métamorphose. Cuthebert Binns Non
85%
Les professeurs de Défence Contre les Forces du Mal. Dolores Ombrage Oui
85%
Les 2 professeurs de Métamorphose. Firenze Non
81%
Les professeurs masculins. Firenze Oui
81%
Les professeurs masculins. Galatea Têtenjoy Non
80%
Les Directeurs de Poudlard. Severus Rogue Oui
80%
Les 2 professeurs de Métamorphose. Aurora Sinistra Non
76%
Les 2 professeurs de Métamorphose. Charity Burbage Non
76%
Les Directeurs de Poudlard. Dolores Ombrage Oui
71%
Les Directeurs de Poudlard. Minerva McGonagall Oui
71%
Les professeurs masculins. Silvanus Brûlopot Oui
68%
Les 2 professeurs de Métamorphose. Albus Dumbledore Oui
41%
Les Directeurs de Poudlard. Armando Dipett Oui
31%
Aucun quiz correspondant
Distribution des résultats
% des personnes avec chaque résultat
Percentile par nombre de réponses
Votre historique - résultats
Vous n’avez pas pris ce quiz